000
00328nam a2200157Ia 4500
100
_a
Ray chhanda
650
_a
Database system
942
_c
BK
366
_f
25
245
_a
Distributed database systems
260
_b
Pearson
_c
2009
082
_a
5.74
_b
RAY
300
_a
308
546
_a
ENGLISH
_c
Computers
999
_c
24475
_d
24475